MARC

Tag First Indicator Second Indicator Subfields
LEADER 00000cam a2200000 4500
001 in00000077341
005 20151008052726.0
008 780605s1937 nyu b 00010 engm
010 |a  39015656  
035 |a (OCoLC)03951328 
035 |9 AAH4635AM 
040 |a DLC  |c IBS  |d IBS  |d TXA  |d UtOrBLW 
043 |a n-us--- 
049 |a TXAM  |c [183807] 
050 0 |a HN37.C3  |b S63 no.6 
082 0 |a 261  |a 331.0973 
092 |a 331.0973  |b H112a 
100 1 |a Haas, Francis J.  |q (Francis Joseph),  |d 1889-1953. 
245 1 4 |a The American labor movement /  |c by Rev. Francis J. Haas. 
264 1 |a New York :  |b Published for the Social Action Dept., N.C.W.C., by the Paulist Press,  |c [1937] 
264 4 |c [©1937] 
300 |a 35 pages, 1 unnumbered page ;  |c 19 cm. 
336 |a text  |b txt  |2 rdacontent 
337 |a unmediated  |b n  |2 rdamedia 
338 |a volume  |b nc  |2 rdacarrier 
490 0 |a Social action series, no. 6 
504 |a "Suggested readings": page [36]. 
650 0 |a Working class  |z United States. 
650 0 |a Christian sociology  |x Catholic Church. 
710 2 |a National Catholic Welfare Conference.  |b Department of Social Action. 
999 |a MARS 
999 f f |s 8d4d1264-ce5c-3952-bd3e-a501bd204aee  |i 91e94554-f064-3053-b3f2-a36d41b69993  |t 0 
952 f f |p ric  |a Texas A&M University  |b Rellis Campus  |c Joint Library Facility  |d Remote Storage  |t 0  |e HN37.C3 S63 no.6  |h Library of Congress classification  |i unmediated -- volume  |m A14800713325 
998 f f |a HN37.C3 S63 no.6  |t 0  |l Remote Storage